[Event "8. Open Bali sub-2300"]
[Site "Benidorm ESP"]
[Date "2009.12.01"]
[Round "4.36"]
[White "Estevez Jacome, Jose Ramon"]
[Black "Richardson, Keith B"]
[Result "0-1"]
[WhiteElo "2051"]
[BlackElo "2189"]
[PlyCount "62"]
[EventDate "2009.11.28"]
[EventType "swiss"]
[EventRounds "10"]
[EventCountry "ESP"]
[Source "lmi"]
[SourceDate "2009.11.28"]

1. e4 g6 2. d4 Bg7 3. f4 c5 4. c3 cxd4 5. cxd4 d5 6. e5 Nc6 7. Nc3 Nh6 8. h3
Nf5 9. Nf3 Ng3 10. Rg1 Nxf1 11. Rxf1 O-O 12. Qb3 e6 13. Nb5 f6 14. Nd6 fxe5 15.
fxe5 Nxd4 16. Qc3 Nxf3+ 17. Rxf3 Rxf3 18. Qxf3 Bxe5 19. Qf7+ Kh8 20. Ne8 Qh4+
21. Kd1 Qa4+ 22. b3 Qd4+ 23. Bd2 Qxa1+ 24. Ke2 Bg7 25. Nxg7 Bd7 26. Qxd7 Qxg7
27. Qxe6 Qd4 28. Be3 Qe4 29. Qf6+ Kg8 30. Kd2 Rc8 31. Qg5 d4 0-1

[Event "8. Open Bali sub-2300"]
[Site "Benidorm ESP"]
[Date "2009.12.02"]
[Round "5.1"]
[White "Voiteanu, Gabriel"]
[Black "Taras, Dan-Gheorghe"]
[Result "1/2-1/2"]
[WhiteElo "2257"]
[BlackElo "2293"]
[PlyCount "97"]
[EventDate "2009.11.28"]
[EventType "swiss"]
[EventRounds "10"]
[EventCountry "ESP"]
[Source "lmi"]
[SourceDate "2009.11.28"]

1. d4 d5 2. Nf3 c6 3. g3 Nf6 4. Bg2 e6 5. O-O Be7 6. c4 O-O 7. Nc3 Nbd7 8. Qb3
b6 9. Bf4 Nh5 10. Ne5 Nxe5 11. Bxe5 f6 12. Bf4 Nxf4 13. gxf4 Ba6 14. Qa4 Bb7
15. f5 exf5 16. cxd5 cxd5 17. Qb3 Kh8 18. Bxd5 Bxd5 19. Qxd5 Qxd5 20. Nxd5 Bd6
21. e3 Rac8 22. Rac1 Rfd8 23. Kg2 Kg8 24. a4 Kf7 25. Nc3 Ke6 26. Nb5 a6 27.
Nxd6 Kxd6 28. Kf3 g6 29. b3 Re8 30. Rc4 Rc6 31. Rfc1 Rec8 32. Rxc6+ Rxc6 33.
Rxc6+ Kxc6 34. Ke2 g5 35. Kd3 Kd5 36. f3 h5 37. e4+ fxe4+ 38. fxe4+ Ke6 39. Ke3
Kd6 40. b4 Ke6 41. a5 b5 42. Kf3 Kd6 43. Kg3 Ke6 44. Kf2 Kd6 45. Ke1 Ke6 46.
Kd1 Kd6 47. Kc2 Ke6 48. Kc3 Kd6 49. Kd3 1/2-1/2

[Event "8. Open Bali sub-2300"]
[Site "Benidorm ESP"]
[Date "2009.12.02"]
[Round "5.2"]
[White "Sanchez Jerez, Emilio Miguel"]
[Black "Ibarra Jerez, Juan Miguel"]
[Result "0-1"]
[WhiteElo "2298"]
[BlackElo "2244"]
[PlyCount "102"]
[EventDate "2009.11.28"]
[EventType "swiss"]
[EventRounds "10"]
[EventCountry "ESP"]
[Source "lmi"]
[SourceDate "2009.11.28"]

1. d4 Nf6 2. g3 g6 3. Bg2 Bg7 4. e4 d6 5. Ne2 O-O 6. O-O Na6 7. Nbc3 c5 8. a4
cxd4 9. Nxd4 Nc5 10. Bg5 h6 11. Bxf6 Bxf6 12. a5 Bg7 13. Qd2 Bd7 14. Nd5 Rc8
15. Rac1 e6 16. Ne3 Qf6 17. Rfd1 Rfd8 18. Rb1 Be8 19. b4 Na6 20. f4 Qe7 21. c4
Nb8 22. b5 e5 23. Ne2 Nd7 24. f5 Nf6 25. Nc3 Bf8 26. Rf1 d5 27. exd5 g5 28. Kh1
Qc7 29. Ne4 Nxe4 30. Bxe4 f6 31. h4 Bc5 32. Ng4 Qg7 33. hxg5 hxg5 34. Kg2 Bh5
35. Nh2 Bd6 36. Rbc1 Kf8 37. Qe3 Bc5 38. Qd3 Bd6 39. Rh1 Ke7 40. Nf1 Rh8 41.
Nd2 Bg4 42. Bf3 Bxf3+ 43. Qxf3 Rxh1 44. Kxh1 g4 45. Qc3 Qh7+ 46. Kg2 Bc5 47.
d6+ Kd7 48. Kf1 Qxf5+ 49. Ke2 Rh8 50. Rf1 Rh2+ 51. Kd1 Rxd2+ 0-1

[Event "8. Open Bali sub-2300"]
[Site "Benidorm ESP"]
[Date "2009.12.02"]
[Round "5.3"]
[White "Exposito Amaro, Josue"]
[Black "Dobre, Claudiu-Cristian"]
[Result "1/2-1/2"]
[WhiteElo "2221"]
[BlackElo "2286"]
[PlyCount "33"]
[EventDate "2009.11.28"]
[EventType "swiss"]
[EventRounds "10"]
[EventCountry "ESP"]
[Source "lmi"]
[SourceDate "2009.11.28"]

1. e4 c6 2. d4 d5 3. exd5 cxd5 4. Bd3 Nc6 5. c3 Nf6 6. Bf4 Bg4 7. Qb3 Qd7 8.
Nd2 e6 9. Ngf3 Bxf3 10. Nxf3 Bd6 11. Bg3 Nh5 12. Bxd6 Qxd6 13. g3 Nf6 14. O-O
O-O 15. Rae1 Qc7 16. Qd1 Rfc8 17. Nh4 1/2-1/2

[Event "8. Open Bali sub-2300"]
[Site "Benidorm ESP"]
[Date "2009.12.02"]
[Round "5.4"]
[White "Fernandez Manrique, Agustin"]
[Black "Aranda Gonzalez, Jose"]
[Result "1/2-1/2"]
[WhiteElo "2135"]
[BlackElo "2276"]
[PlyCount "74"]
[EventDate "2009.11.28"]
[EventType "swiss"]
[EventRounds "10"]
[EventCountry "ESP"]
[Source "lmi"]
[SourceDate "2009.11.28"]

1. c4 c6 2. g3 d5 3. Bg2 Nf6 4. Nf3 g6 5. b3 Bg7 6. Bb2 O-O 7. O-O Nbd7 8. d3
Re8 9. Nc3 e5 10. cxd5 cxd5 11. d4 e4 12. Ne5 Nxe5 13. dxe5 Rxe5 14. Nb5 Re6
15. Rc1 Rc6 16. Be5 Rxc1 17. Qxc1 Be6 18. Qb2 Ne8 19. Bxg7 Nxg7 20. Rc1 a6 21.
Nd4 Rc8 22. e3 Rxc1+ 23. Qxc1 Qc8 24. Qd2 Nf5 25. Nxf5 Bxf5 26. h4 Qc5 27. Qb2
h5 28. Qe5 Qc6 29. Kh2 Be6 30. Qb2 b5 31. b4 Bg4 32. a3 Be6 33. Kg1 Kf8 34. Kh2
Ke7 35. Kg1 f6 36. Kh2 Bd7 37. Qd4 Ke8 1/2-1/2

[Event "8. Open Bali sub-2300"]
[Site "Benidorm ESP"]
[Date "2009.12.02"]
[Round "5.5"]
[White "Lada, Ireneusz"]
[Black "Renteria, Jorge"]
[Result "0-1"]
[WhiteElo "2123"]
[BlackElo "2248"]
[PlyCount "94"]
[EventDate "2009.11.28"]
[EventType "swiss"]
[EventRounds "10"]
[EventCountry "ESP"]
[Source "lmi"]
[SourceDate "2009.11.28"]

1. c4 e5 2. Nc3 Nf6 3. Nf3 Nc6 4. e3 d5 5. cxd5 Nxd5 6. Bb5 Nxc3 7. bxc3 Bd6 8.
d4 exd4 9. cxd4 O-O 10. O-O Bg4 11. Bb2 Qe7 12. h3 Bh5 13. Be2 Rad8 14. Qa4 a6
15. Qc4 Nb4 16. Qb3 c6 17. Bc3 Nd5 18. Ba5 Rd7 19. Rfe1 f5 20. Ne5 Bxe2 21.
Nxd7 Bf3 22. gxf3 Qxd7 23. Kf1 Kh8 24. Ke2 Re8 25. Kd2 b6 26. Bc3 a5 27. Rg1
Qf7 28. f4 Qd7 29. Kc2 b5 30. a4 Rb8 31. Rab1 Qe8 32. Bd2 bxa4 33. Qd3 Nb4+ 34.
Bxb4 axb4 35. Qxf5 b3+ 36. Kd3 Rb5 37. Qg4 Bf8 38. Ra1 b2 39. Rxa4 b1=Q+ 40.
Rxb1 Rxb1 41. Rc4 Rb3+ 42. Rc3 Rb2 43. Qf3 c5 44. Rc4 cxd4 45. exd4 Qb5 46. Qa8
Rb3+ 47. Ke4 Qxc4 0-1

[Event "8. Open Bali sub-2300"]
[Site "Benidorm ESP"]
[Date "2009.12.02"]
[Round "5.6"]
[White "Trepat Herranz, Joan"]
[Black "Angulo Martinez, Jon"]
[Result "1-0"]
[WhiteElo "2284"]
[BlackElo "2198"]
[PlyCount "107"]
[EventDate "2009.11.28"]
[EventType "swiss"]
[EventRounds "10"]
[EventCountry "ESP"]
[Source "lmi"]
[SourceDate "2009.11.28"]

1. d4 Nf6 2. c4 e6 3. g3 d5 4. Nf3 b6 5. Qa4+ Qd7 6. Qc2 Bb4+ 7. Bd2 Bxd2+ 8.
Nbxd2 c6 9. Bg2 O-O 10. O-O Bb7 11. Rad1 Qe7 12. e4 dxe4 13. Nxe4 Nxe4 14. Qxe4
Nd7 15. Rfe1 Nf6 16. Qc2 Qc7 17. Ne5 Rfd8 18. b4 Nd7 19. Qe4 Nxe5 20. dxe5 Rxd1
21. Rxd1 Rd8 22. Rxd8+ Qxd8 23. h4 a6 24. b5 axb5 25. cxb5 Qd1+ 26. Kh2 Qd5 27.
Qb1 Qxe5 28. bxc6 Bxc6 29. Bxc6 Qc5 30. Qd3 Qxf2+ 31. Kh3 g6 32. a4 h5 33. Qf3
Qc5 34. Be8 Qc7 35. Qf6 Qb7 36. Kh2 Qc7 37. Bb5 Qc2+ 38. Kh3 Qe4 39. Kh2 Qc2+
40. Kg1 Qc1+ 41. Kg2 Qc2+ 42. Qf2 Qe4+ 43. Kh2 Qb7 44. Qf6 Qc7 45. Bd3 Kh7 46.
Be4 Qd7 47. Kh3 Qc7 48. g4 hxg4+ 49. Kxg4 Kg8 50. Bxg6 Qc4+ 51. Kg5 Qc1+ 52.
Kh5 Qc5+ 53. Qg5 fxg6+ 54. Kxg6 1-0

[Event "8. Open Bali sub-2300"]
[Site "Benidorm ESP"]
[Date "2009.12.02"]
[Round "5.7"]
[White "Poyato Sala, Josep Albert"]
[Black "Chueca Forcen, Alberto"]
[Result "1/2-1/2"]
[WhiteElo "2197"]
[BlackElo "2280"]
[PlyCount "138"]
[EventDate "2009.11.28"]
[EventType "swiss"]
[EventRounds "10"]
[EventCountry "ESP"]
[Source "lmi"]
[SourceDate "2009.11.28"]

1. d4 Nf6 2. c4 e6 3. Nc3 c5 4. d5 exd5 5. cxd5 d6 6. e4 g6 7. f4 Bg7 8. Bb5+
Nbd7 9. e5 dxe5 10. fxe5 Nh5 11. e6 Qh4+ 12. g3 Nxg3 13. hxg3 Qxh1 14. Be3
Bxc3+ 15. bxc3 a6 16. exd7+ Bxd7 17. Bxd7+ Kxd7 18. Qg4+ f5 19. Qf3 Qxf3 20.
Nxf3 Rae8 21. Kf2 Re4 22. Nd2 Ra4 23. Nb3 b6 24. Bxc5 Rc8 25. Bxb6 Kd6 26. Ba5
Kxd5 27. Rd1+ Ke5 28. Rd2 Rg4 29. Bb4 h5 30. Nd4 Kf6 31. Nf3 Rc6 32. Rd8 a5 33.
Bxa5 Ra4 34. Bb4 Rxa2+ 35. Nd2 g5 36. Ke3 Re6+ 37. Kd3 h4 38. gxh4 g4 39. Rf8+
Kg6 40. Bc5 Rf6 41. Rg8+ Kh5 42. Bd4 Rg6 43. Rh8+ Rh6 44. Rf8 Kxh4 45. Rxf5 g3
46. Rf8 Kh3 47. Rg8 g2 48. Be5 Re6 49. Rg3+ Kh4 50. Nf3+ Kh5 51. Bd4 Re8 52.
Nd2 Kh4 53. Rxg2 Kh3 54. Rg7 Raa8 55. c4 Rg8 56. Rh7+ Kg4 57. c5 Kf5 58. Nc4
Rg3+ 59. Be3 Rd8+ 60. Nd6+ Ke6 61. Rh4 Ra8 62. Nc4 Rd8+ 63. Ke4 Rdg8 64. Bf4
R3g4 65. Rh5 Rf8 66. Re5+ Kd7 67. Rd5+ Ke6 68. Re5+ Kd7 69. Rf5 Rxf5 1/2-1/2

[Event "8. Open Bali sub-2300"]
[Site "Benidorm ESP"]
[Date "2009.12.02"]
[Round "5.8"]
[White "Turcu, Iulian"]
[Black "Lapicki, Raul"]
[Result "1/2-1/2"]
[WhiteElo "2197"]
[BlackElo "2266"]
[PlyCount "46"]
[EventDate "2009.11.28"]
[EventType "swiss"]
[EventRounds "10"]
[EventCountry "ESP"]
[Source "lmi"]
[SourceDate "2009.11.28"]

1. d4 Nf6 2. Bg5 e6 3. e3 Be7 4. Bd3 c5 5. c3 cxd4 6. exd4 d6 7. Nd2 Nbd7 8. f4
O-O 9. Qf3 Re8 10. O-O-O Rb8 11. Bxf6 Nxf6 12. Ne4 Qa5 13. Kb1 Bd7 14. Nh3 Nxe4
15. Qxe4 g6 16. Qe3 b5 17. Nf2 d5 18. Ng4 b4 19. cxb4 Rxb4 20. Rd2 Reb8 21. Qf2
Qb6 22. Ne5 Be8 23. Bf1 a5 1/2-1/2

[Event "8. Open Bali sub-2300"]
[Site "Benidorm ESP"]
[Date "2009.12.02"]
[Round "5.9"]
[White "Picazo Lopez, Juan Antonio"]
[Black "Lillo Ferrer, Jose Maria M"]
[Result "0-1"]
[WhiteElo "2264"]
[BlackElo "2194"]
[PlyCount "138"]
[EventDate "2009.11.28"]
[EventType "swiss"]
[EventRounds "10"]
[EventCountry "ESP"]
[Source "lmi"]
[SourceDate "2009.11.28"]

1. d4 d6 2. c4 e5 3. Nf3 e4 4. Ng5 f5 5. g3 c6 6. Bg2 Be7 7. Nh3 Nf6 8. O-O
Nbd7 9. Nc3 Nb6 10. b3 d5 11. cxd5 Nbxd5 12. Nxd5 Nxd5 13. Bb2 O-O 14. Nf4 Nxf4
15. gxf4 Be6 16. f3 exf3 17. Bxf3 Bd5 18. e3 Qd7 19. Rc1 Rad8 20. Rc2 Qe6 21.
Qc1 Rfe8 22. Rg2 Bb4 23. Bxd5 cxd5 24. Rf3 Rc8 25. Rc2 Rxc2 26. Qxc2 Rc8 27.
Qd3 a6 28. Rg3 Be7 29. Rg2 Rc6 30. Re2 Qc8 31. Rg2 Kf7 32. Qd1 Rg6 33. Qh5 Qe6
34. Qf3 Qe4 35. Qxe4 fxe4 36. Rxg6 Kxg6 37. Bc3 b6 38. Kg2 Kf5 39. Be1 Kg4 40.
a4 Ba3 41. Bd2 Kf5 42. Kg3 Bb2 43. Kh4 g6 44. Kg3 Ba3 45. b4 Bb2 46. Kh4 h6 47.
h3 Ba3 48. Kg3 Bb2 49. Kf2 g5 50. fxg5 Kxg5 51. Kg3 Ba3 52. h4+ Kf5 53. Be1 Bc1
54. Kf2 b5 55. axb5 axb5 56. Ke2 h5 57. Bf2 Kg4 58. Be1 Kh3 59. Bf2 Kg2 60. Be1
Bb2 61. Bd2 Kg3 62. Be1+ Kg4 63. Kd2 Kf3 64. Kc2 Ke2 65. Bd2 Ba3 66. Bc3 Kxe3
67. Bd2+ Ke2 68. Bc3 e3 69. Kb3 Kd3 0-1

[Event "8. Open Bali sub-2300"]
[Site "Benidorm ESP"]
[Date "2009.12.02"]
[Round "5.10"]
[White "Garbea, Bogdan"]
[Black "Agrest, Inna"]
[Result "1-0"]
[WhiteElo "2254"]
[BlackElo "2180"]
[PlyCount "49"]
[EventDate "2009.11.28"]
[EventType "swiss"]
[EventRounds "10"]
[EventCountry "ESP"]
[Source "lmi"]
[SourceDate "2009.11.28"]

1. d4 Nf6 2. c4 g6 3. Nc3 Bg7 4. e4 d6 5. h3 O-O 6. Bg5 Na6 7. Bd3 e5 8. d5 c6
9. g4 Nc5 10. Bc2 Qa5 11. Qd2 b5 12. cxb5 cxb5 13. f3 Ba6 14. Nge2 b4 15. Nd1
Qb5 16. b3 Rac8 17. Rc1 Rc7 18. Nb2 Ne8 19. Nc4 Bc8 20. O-O f5 21. a3 Rcf7 22.
axb4 Na6 23. Bb1 h5 24. Ne3 fxg4 25. Rxc8 1-0

[Event "8. Open Bali sub-2300"]
[Site "Benidorm ESP"]
[Date "2009.12.02"]
[Round "5.11"]
[White "Farrand, Julian T"]
[Black "Nikolaidis, Konstantinos"]
[Result "0-1"]
[WhiteElo "2103"]
[BlackElo "2241"]
[PlyCount "156"]
[EventDate "2009.11.28"]
[EventType "swiss"]
[EventRounds "10"]
[EventCountry "ESP"]
[Source "lmi"]
[SourceDate "2009.11.28"]

1. d4 Nf6 2. Nc3 d5 3. Bg5 Bf5 4. Bxf6 exf6 5. e3 c6 6. Bd3 Bg6 7. Nf3 Bd6 8.
O-O O-O 9. Bxg6 hxg6 10. e4 Bb4 11. exd5 cxd5 12. Qd3 Nc6 13. Nd1 Qd7 14. Ne3
Ba5 15. c3 Rfe8 16. Rfe1 Rad8 17. Nf1 g5 18. Rxe8+ Rxe8 19. Re1 Rd8 20. Qe2 Kf8
21. N3d2 Ne7 22. Nb3 Bb6 23. Nc5 Bxc5 24. dxc5 Ng6 25. Qd3 Kg8 26. Ne3 Nf4 27.
Qd1 Ne6 28. b4 a5 29. a3 axb4 30. cxb4 d4 31. Nf5 Ra8 32. Qb3 Nf4 33. Re7 Qd5
34. Qxd5 Nxd5 35. Rd7 Rxa3 36. g3 Nxb4 37. Rxd4 Na6 38. c6 bxc6 39. Ne7+ Kh7
40. Nxc6 Rc3 41. Ne7 Rc7 42. Nd5 Rb7 43. Ne3 Nc5 44. h4 Ne6 45. Rc4 gxh4 46.
Rxh4+ Kg8 47. Rc4 g6 48. Kg2 f5 49. Ra4 Kg7 50. Rc4 Rd7 51. Rb4 Rc7 52. Ra4 Rb7
53. Rc4 Ra7 54. Rb4 Kf6 55. Rc4 Rd7 56. Rb4 Rd2 57. Ra4 Nc5 58. Ra1 Ne4 59. Rf1
Ra2 60. Kg1 Ke5 61. Kg2 Kd4 62. Rd1+ Ke5 63. Rf1 Nc3 64. Re1 Ne4 65. Rf1 Nxg3
66. Kxg3 f4+ 67. Kf3 Ra3 68. Re1 fxe3 69. fxe3 f5 70. Rb1 Kf6 71. Rb6+ Kg5 72.
Rb4 Ra1 73. Rc4 Ra3 74. Rb4 Ra1 75. Rc4 Rh1 76. Rc8 Rh3+ 77. Kf2 Rh4 78. Kf3
Ra4 0-1

[Event "8. Open Bali sub-2300"]
[Site "Benidorm ESP"]
[Date "2009.12.02"]
[Round "5.12"]
[White "Jordan Martinez, Miguel"]
[Black "Del Valle Cirera, Adria"]
[Result "0-1"]
[WhiteElo "2077"]
[BlackElo "2236"]
[PlyCount "118"]
[EventDate "2009.11.28"]
[EventType "swiss"]
[EventRounds "10"]
[EventCountry "ESP"]
[Source "lmi"]
[SourceDate "2009.11.28"]

1. e4 c5 2. Nf3 d6 3. d4 cxd4 4. Nxd4 Nf6 5. Nc3 a6 6. Be3 e6 7. f3 Nbd7 8. Qd2
b5 9. g4 Nb6 10. g5 Nfd7 11. h4 Ne5 12. b3 Bb7 13. Nce2 d5 14. f4 Ned7 15. e5
Rc8 16. Bg2 Ba3 17. O-O g6 18. Qe1 Qe7 19. h5 Kd8 20. Qf2 Kc7 21. Rab1 Kb8 22.
h6 Bc5 23. c3 Ka8 24. Rbc1 Nb8 25. Rc2 N6d7 26. b4 Bxd4 27. Bxd4 Nc6 28. a4
Nxd4 29. Qxd4 Rc4 30. Qe3 bxa4 31. Ra1 Bc6 32. Nd4 Bb5 33. Bf1 Rhc8 34. Bxc4
Rxc4 35. Rca2 Kb7 36. Rxa4 Bxa4 37. Rxa4 Nb6 38. Ra3 Rc8 39. Nb3 Nc4 40. Na5+
Nxa5 41. Rxa5 Qc7 42. Qd3 Qb6+ 43. Kg2 Rc4 44. Qd2 Qc6 45. Rc5 Rxc5 46. bxc5
Qxc5 47. Qb2+ Kc7 48. Qa2 a5 49. Qa4 d4 50. Kg3 Qxc3+ 51. Kg4 d3 52. Qe8 d2 53.
Qxf7+ Kb8 54. Qe8+ Qc8 55. Qb5+ Qb7 56. Qe2 Qd5 57. Qd1 Qd3 58. Kh4 Ka7 59. f5
exf5 0-1

[Event "8. Open Bali sub-2300"]
[Site "Benidorm ESP"]
[Date "2009.12.02"]
[Round "5.13"]
[White "Sabater Sanchez, Asensio"]
[Black "Lopez Perdomo, Juan David"]
[Result "1-0"]
[WhiteElo "2230"]
[BlackElo "2166"]
[PlyCount "95"]
[EventDate "2009.11.28"]
[EventType "swiss"]
[EventRounds "10"]
[EventCountry "ESP"]
[Source "lmi"]
[SourceDate "2009.11.28"]

1. Nf3 e6 2. d4 c5 3. e3 g6 4. b3 Bg7 5. Bb2 Ne7 6. Be2 d5 7. O-O b6 8. Ne5 O-O
9. c4 Bb7 10. cxd5 cxd4 11. Bxd4 Nxd5 12. Nf3 Nf6 13. Ne5 Nc6 14. Nxc6 Bxc6 15.
Nd2 Qe7 16. Bf3 Bxf3 17. Nxf3 Rac8 18. Qe2 Rc7 19. Rac1 Rfc8 20. Qb2 Ne8 21.
Bxg7 Nxg7 22. Rxc7 Qxc7 23. Rd1 h6 24. g4 Rd8 25. Rc1 Qd6 26. Qc3 Ne8 27. h3
Qd5 28. Ne5 Nd6 29. Nc6 Rd7 30. Qf6 Qg5 31. Qxg5 hxg5 32. Rd1 f6 33. Nxa7 Rxa7
34. Rxd6 Kf7 35. a4 b5 36. axb5 Rb7 37. b6 Ke7 38. Rc6 Kd7 39. Rc7+ Rxc7 40.
bxc7 Kxc7 41. Kf1 Kc6 42. Ke2 Kc5 43. Kd3 Kb4 44. Kc2 e5 45. e4 Kb5 46. Kc3 Kc5
47. b4+ Kb5 48. Kb3 1-0

[Event "8. Open Bali sub-2300"]
[Site "Benidorm ESP"]
[Date "2009.12.02"]
[Round "5.14"]
[White "Goormachtigh, Johan"]
[Black "Daoudi, Kamal"]
[Result "1-0"]
[WhiteElo "2225"]
[BlackElo "2142"]
[PlyCount "103"]
[EventDate "2009.11.28"]
[EventType "swiss"]
[EventRounds "10"]
[EventCountry "ESP"]
[Source "lmi"]
[SourceDate "2009.11.28"]

1. d4 Nf6 2. c4 e6 3. Nf3 d5 4. Nc3 c6 5. e3 Nbd7 6. Bd3 dxc4 7. Bxc4 b5 8. Bd3
a6 9. e4 c5 10. d5 e5 11. O-O Bd6 12. b3 O-O 13. a4 b4 14. Ne2 Re8 15. Ng3 Nf8
16. Be3 Bd7 17. Rc1 Qa5 18. Nd2 Rec8 19. Nc4 Qc7 20. f3 Ng6 21. Rf2 Bf8 22.
Rfc2 a5 23. Qd2 h6 24. Bf1 Ne8 25. Nb2 Qb6 26. Nd3 Qf6 27. Nxc5 Rd8 28. Nxd7
Rxd7 29. Bb5 Rdd8 30. Rc6 Nd6 31. Nf5 Nh4 32. Nxh4 Qxh4 33. Qf2 Qh5 34. g4 Qg6
35. Qg3 f6 36. Bf1 h5 37. Bh3 hxg4 38. Bxg4 Qh7 39. Be6+ Kh8 40. Qh3 Qxh3 41.
Bxh3 f5 42. Bb6 fxe4 43. Bxd8 Rxd8 44. fxe4 Kh7 45. Bg2 Be7 46. R1c5 Bg5 47.
Rxa5 Nf7 48. Bh3 g6 49. Rc7 Rf8 50. Be6 Bd8 51. Raa7 Bxc7 52. Rxc7 1-0

[Event "8. Open Bali sub-2300"]
[Site "Benidorm ESP"]
[Date "2009.12.02"]
[Round "5.15"]
[White "Longa Yauca, Javier"]
[Black "Andres Terrado, Miguel Angel"]
[Result "1-0"]
[WhiteElo "2267"]
[BlackElo "2062"]
[PlyCount "69"]
[EventDate "2009.11.28"]
[EventType "swiss"]
[EventRounds "10"]
[EventCountry "ESP"]
[Source "lmi"]
[SourceDate "2009.11.28"]

1. d4 Nf6 2. c4 d6 3. Nc3 g6 4. e4 Bg7 5. Nge2 O-O 6. g3 e5 7. Bg2 Nc6 8. d5
Ne7 9. h3 h6 10. Be3 b6 11. Qd2 Kh7 12. g4 Nd7 13. Ng3 a5 14. h4 Nc5 15. h5 g5
16. f3 Bf6 17. Bf1 Qd7 18. Be2 Ba6 19. O-O Rab8 20. Rfd1 Rfd8 21. b3 Bc8 22.
Rab1 Ng8 23. a3 Qe7 24. b4 Nb7 25. Nb5 Bd7 26. Nxc7 Ba4 27. Bxb6 Bxd1 28. Rxd1
Rdc8 29. Na6 Ra8 30. c5 axb4 31. axb4 Qe8 32. c6 Nd8 33. Nf5 Be7 34. b5 f6 35.
Nc7 1-0

[Event "8. Open Bali sub-2300"]
[Site "Benidorm ESP"]
[Date "2009.12.02"]
[Round "5.20"]
[White "Plaza Pardo, Daniel"]
[Black "Lacrosse, Marc"]
[Result "1/2-1/2"]
[WhiteElo "2151"]
[BlackElo "2228"]
[PlyCount "43"]
[EventDate "2009.11.28"]
[EventType "swiss"]
[EventRounds "10"]
[EventCountry "ESP"]
[Source "lmi"]
[SourceDate "2009.11.28"]

1. e4 e5 2. Nf3 Nc6 3. Bb5 a6 4. Bxc6 dxc6 5. O-O f6 6. d4 exd4 7. Nxd4 Bd6 8.
f4 Ne7 9. Nc3 O-O 10. Be3 Ng6 11. Kh1 Re8 12. Qh5 Qe7 13. Rae1 Bd7 14. Nf5 Bxf5
15. Qxf5 Rad8 16. a3 b5 17. Qg4 b4 18. axb4 Bxb4 19. e5 Bxc3 20. bxc3 Nf8 21.
exf6 Qxf6 22. Bd4 1/2-1/2

[Event "8. Open Bali sub-2300"]
[Site "Benidorm ESP"]
[Date "2009.12.02"]
[Round "5.27"]
[White "Vlashki, Nino"]
[Black "Garcia Gata, Jorge D"]
[Result "1-0"]
[WhiteElo "2292"]
[BlackElo "2153"]
[PlyCount "57"]
[EventDate "2009.11.28"]
[EventType "swiss"]
[EventRounds "10"]
[EventCountry "ESP"]
[Source "lmi"]
[SourceDate "2009.11.28"]

1. e4 c5 2. Nf3 g6 3. c3 Bg7 4. d4 cxd4 5. cxd4 Nf6 6. Nc3 d5 7. e5 Ne4 8. Bd3
Nxc3 9. bxc3 Bg4 10. h3 Bxf3 11. Qxf3 O-O 12. O-O Nc6 13. h4 Qa5 14. Bb2 e6 15.
h5 Ne7 16. Qh3 Rfc8 17. hxg6 hxg6 18. Rfe1 Rc6 19. a4 Rac8 20. Bb5 R6c7 21. Re3
a6 22. Bf1 Nf5 23. Rd3 Rc4 24. g4 Ne7 25. Qh4 R8c7 26. Ba3 Qxa4 27. Rh3 Qd7 28.
Bxc4 dxc4 29. Bd6 1-0

[Event "8. Open Bali sub-2300"]
[Site "Benidorm ESP"]
[Date "2009.12.02"]
[Round "5.28"]
[White "Gonzalez Aguirre, Luis"]
[Black "Arata, Roberto Mario"]
[Result "0-1"]
[WhiteElo "2152"]
[BlackElo "2257"]
[PlyCount "58"]
[EventDate "2009.11.28"]
[EventType "swiss"]
[EventRounds "10"]
[EventCountry "ESP"]
[Source "lmi"]
[SourceDate "2009.11.28"]

1. c4 e6 2. g3 d5 3. d4 c5 4. cxd5 exd5 5. Nf3 Nc6 6. Bg2 Nf6 7. O-O Be7 8. Nc3
O-O 9. Bg5 c4 10. Ne5 Be6 11. b3 h6 12. Bxf6 Bxf6 13. Nxc6 bxc6 14. bxc4 dxc4
15. e3 Rc8 16. Ne4 Be7 17. Qa4 Qc7 18. Nc5 Bxc5 19. dxc5 Qe7 20. Qa5 Bd5 21. e4
Be6 22. Rfd1 Rfd8 23. Bf1 Rxd1 24. Rxd1 Rb8 25. a4 Qf6 26. Qc7 Rb2 27. f4 Qc3
28. e5 Qe3+ 29. Kh1 Qf3+ 0-1

[Event "8. Open Bali sub-2300"]
[Site "Benidorm ESP"]
[Date "2009.12.02"]
[Round "5.39"]
[White "Do Santos Julio, Joao Manuel"]
[Black "Torres, Jose Daniel"]
[Result "1-0"]
[WhiteElo "2043"]
[BlackElo "2163"]
[PlyCount "57"]
[EventDate "2009.11.28"]
[EventType "swiss"]
[EventRounds "10"]
[EventCountry "ESP"]
[Source "lmi"]
[SourceDate "2009.11.28"]

1. e4 c5 2. Nf3 d6 3. d4 cxd4 4. Nxd4 Nf6 5. Bd3 g6 6. c4 Bg7 7. Nc3 O-O 8. O-O
Nc6 9. Nc2 Nd7 10. Be3 Bxc3 11. bxc3 Qa5 12. Qd2 Nce5 13. Be2 Nc5 14. f3 Be6
15. Bh6 Rfe8 16. Ne3 Rac8 17. Rab1 a6 18. Kh1 f6 19. Nd5 Bxd5 20. exd5 Na4 21.
Rb4 Nb6 22. Qe3 Rc5 23. Rfb1 Nbd7 24. Rxb7 Qxa2 25. Bd3 Nf8 26. Rb8 Rcc8 27.
Rxc8 Rxc8 28. h3 Nxd3 29. Qxe7 1-0

[Event "8. Open Bali sub-2300"]
[Site "Benidorm ESP"]
[Date "2009.12.02"]
[Round "5.50"]
[White "Ruiz Ureta, Ernesto"]
[Black "Bangnoi, Alexandre"]
[Result "1-0"]
[WhiteElo "2008"]
[BlackElo "2080"]
[PlyCount "56"]
[EventDate "2009.11.28"]
[EventType "swiss"]
[EventRounds "10"]
[EventCountry "ESP"]
[Source "lmi"]
[SourceDate "2009.11.28"]

1. e4 c5 2. Nf3 d6 3. d4 cxd4 4. Nxd4 Nf6 5. Nc3 g6 6. Be3 Bg7 7. f3 Nc6 8. Qd2
O-O 9. Bc4 a5 10. a4 Bd7 11. O-O-O Rc8 12. Bb3 Ne5 13. h4 h5 14. Bg5 Nc4 15.
Qe2 Nb6 16. Ndb5 Bxb5 17. Nxb5 Qe8 18. g4 Nbd7 19. gxh5 Nxh5 20. Rhg1 Nc5 21.
Qe3 Kh7 22. Kb1 Nxb3 23. Qxb3 f6 24. Be3 Qd8 25. Nd4 Qd7 26. Ne6 Rg8 27. Rd5
Ra8 28. Rb5 Bh6 1-0

[Event "8. Open Bali sub-2300"]
[Site "Benidorm ESP"]
[Date "2009.12.03"]
[Round "6.1"]
[White "Ibarra Jerez, Juan Miguel"]
[Black "Voiteanu, Gabriel"]
[Result "1-0"]
[WhiteElo "2244"]
[BlackElo "2257"]
[PlyCount "55"]
[EventDate "2009.11.28"]
[EventType "swiss"]
[EventRounds "10"]
[EventCountry "ESP"]
[Source "lmi"]
[SourceDate "2009.11.28"]

1. e4 e5 2. Nf3 Nf6 3. Nc3 Bb4 4. Nxe5 O-O 5. Be2 Re8 6. Nd3 Bxc3 7. dxc3 Nxe4
8. Nf4 d6 9. O-O Nd7 10. c4 Nf8 11. f3 Nf6 12. Rf2 Ng6 13. Nxg6 fxg6 14. b3 Qe7
15. Bb2 Bf5 16. Bf1 Qf7 17. Qd2 h6 18. g4 Bd7 19. Bd3 g5 20. h4 gxh4 21. g5 Nh5
22. gxh6 Nf4 23. Bxg7 Nh3+ 24. Kh2 Nxf2 25. Qg5 Ng4+ 26. Kg1 Qxf3 27. Bf8+ Kf7
28. Qg6+ 1-0

[Event "8. Open Bali sub-2300"]
[Site "Benidorm ESP"]
[Date "2009.12.03"]
[Round "6.2"]
[White "Dobre, Claudiu-Cristian"]
[Black "Renteria, Jorge"]
[Result "1-0"]
[WhiteElo "2286"]
[BlackElo "2248"]
[PlyCount "83"]
[EventDate "2009.11.28"]
[EventType "swiss"]
[EventRounds "10"]
[EventCountry "ESP"]
[Source "lmi"]
[SourceDate "2009.11.28"]

1. e4 c5 2. Nf3 d6 3. Bb5+ Nc6 4. d4 cxd4 5. Qxd4 Bd7 6. Bxc6 Bxc6 7. c4 e5 8.
Qd3 f5 9. exf5 e4 10. Qe2 Qa5+ 11. Nc3 Qxf5 12. Nd4 Qg6 13. O-O Nf6 14. Re1 Kf7
15. Nxc6 bxc6 16. Nxe4 Qxe4 17. Qxe4 Nxe4 18. Rxe4 Rb8 19. b3 a5 20. Bd2 a4 21.
b4 Be7 22. Rb1 Bf6 23. Bf4 Rbd8 24. b5 g5 25. Bg3 cxb5 26. cxb5 a3 27. Rb3 h5
28. h4 d5 29. Re1 gxh4 30. Bc7 Rd7 31. b6 Rc8 32. Rxa3 Rdxc7 33. bxc7 Rxc7 34.
Rd1 d4 35. Ra8 Rc2 36. Kf1 Kg6 37. a4 Ra2 38. a5 Kf5 39. a6 h3 40. gxh3 Bh4 41.
a7 Bf6 42. Rxd4 1-0